Kolejová doprava v sídlech a regionech /

Hlavní autor: Kubát, Bohumil, 1932-2024
Korporativní autor: České vysoké učení technické v Praze. Stavební fakulta
Jazyk: Čeština
Vydáno: Praha : České vysoké učení technické, 1995
Vydání: Vyd. 1.
Témata:
Fyzický popis: 69 s. : il., tab., m. ; 29 cm
Knihy
Uloženo v:
LEADER 01186nam a2200301 a 4500
001 000019939
003 CZ BrMZK
005 19950413143423.0
008 950313s1995 xr f cze d
020 |a 80-01-01268-9 
040 |a BOA001  |b cze 
080 |a 711.434:625.45(075.8)  |2 MRF 
080 |a 625.45:711.434(075.8)  |2 MRF 
100 1 |a Kubát, Bohumil,  |d 1932-2024  |7 jn20000710358  |4 aut 
245 1 0 |a Kolejová doprava v sídlech a regionech /  |c Bohumil Kubát 
250 |a Vyd. 1. 
260 |a Praha :  |b České vysoké učení technické,  |c 1995 
300 |a 69 s. :  |b il., tab., m. ;  |c 29 cm 
500 |a Bibliogr. na s. 68 
500 |a Určeno pro posl. fak. stavební Čes. vys. učení techn. v Praze 
653 0 |a kolejová doprava  |a městská hromadná doprava 
710 2 |a České vysoké učení technické v Praze.  |b Stavební fakulta  |7 kn20010710181 
910 |a BOA001  |b TK-A-0256.270 
962 |a 625.1/.4 
962 |a 711.434 
990 |a BK 
996 7 |b 2620000237  |c TK-A-0256.270  |l MZK  |r Sklad / do 24 hodin  |n 9  |p kup  |w 000019939  |u 000010  |a 1  |e BOA001  |j MZK50  |s A 
996 7 |b 2620000238  |c TK-A-0256.270  |l MZK  |r Sklad / do 24 hodin  |n 4  |p kup  |w 000019939  |u 000020  |a 1  |e BOA001  |j MZK50  |s A